000 00531nam a2200145Ia 4500
008 170221s9999 xx 000 0 und d
100 _aAigerim Mynbayeva
245 _aInformatization of Education in Kazakhstan: New Challenges and Further Development of Scientific Schools
245 _cAigerim Mynbayeva, Nazgul Anarbek
260 _bInternational Review of Management and Marketing
260 _cDecember 2014
300 _a6:2
650 _xMarketing.
856 _uhttp://www.econjournals.com/index.php/irmm/issue/view/75
999 _c310205
_d310205